[Event "NCA-ch op"]
[Site "Managua"]
[Date "2017.09.16"]
[Round "7"]
[White "Alarcon, Pamela"]
[Black "Medrano, Randall"]
[Result "0-1"]
[WhiteElo "1888"]
[BlackElo "2065"]
[PlyCount "54"]
[EventDate "2017.09.02"]
[EventType "swiss"]
[EventRounds "9"]
[EventCountry "NCA"]
[SourceTitle "EXT 2018"]
[Source "ChessBase"]
[SourceDate "2017.10.13"]
[SourceVersion "1"]
[SourceVersionDate "2017.10.13"]
[SourceQuality "1"]

1. d4 Nf6 2. c4 e5 3. dxe5 Ng4 4. Nf3 Bc5 5. e3 Nc6 6. Be2 0-0 7. 0-0 Re8 8. h3 Ngxe5 9. Nbd2 a5 10. a3 d6 11. Ne4 Ba7 12. Ng3 Be6 13. b3 a4 14. Nd4 axb3 15. Nxe6 Rxe6 16. Qxb3 Bc5 17. Bb2 Na5 18. Qc3 Rg6 19. Bh5 Rxg3 20. fxg3 Qg5 21. Bxf7+ Nxf7 22. Rf4 Qxg3 23. Rf3 Qg5 24. h4 Qe5 25. Qd2 Nxc4 26. Rxf7 Nxd2 27. Bxe5 Kxf7 0-1

[Event "NCA-ch op"]
[Site "Managua"]
[Date "2017.09.02"]
[Round "1"]
[White "Alarcon, Pamela"]
[Black "Berrios Vanegas, Yanko Antonio"]
[Result "1-0"]
[WhiteElo "1888"]
[BlackElo "1608"]
[PlyCount "67"]
[EventDate "2017.09.02"]
[EventType "swiss"]
[EventRounds "9"]
[EventCountry "NCA"]
[SourceTitle "EXT 2018"]
[Source "ChessBase"]
[SourceDate "2017.10.13"]
[SourceVersion "1"]
[SourceVersionDate "2017.10.13"]
[SourceQuality "1"]

1. d4 d5 2. c4 c6 3. Nf3 e6 4. e3 Nf6 5. Bd3 Bd6 6. Nc3 h6 7. Qe2 Bb4 8. 0-0 Bxc3 9. bxc3 0-0 10. Nd2 Re8 11. f4 Nbd7 12. Ba3 a6 13. Qf3 Nb6 14. Rab1 Na4 15. Rb3 Nb6 16. Bc5 Nfd7 17. Bxb6 Nxb6 18. e4 Rb8 19. cxd5 exd5 20. e5 f5 21. Rfb1 Na4 22. Qh5 Qd7 23. Bxf5 Qxf5 24. Qxe8+ Kh7 25. Rf1 Qd3 26. Rf2 Qe3 27. Nf1 Qe1 28. f5 Nxc3 29. Qg6+ Kh8 30. f6 Qxf2+ 31. Kxf2 Ne4+ 32. Kg1 gxf6 33. exf6 Nxf6 34. Qxf6+ 1-0

[Event "Managua Ramirez de Arellano Memorial"]
[Site "Managua"]
[Date "2017.07.30"]
[Round "8"]
[White "Alarcon, Pamela"]
[Black "Moraga, Maria"]
[Result "1-0"]
[WhiteElo "1871"]
[BlackElo "1704"]
[PlyCount "53"]
[EventDate "2017.07.15"]
[EventType "swiss"]
[EventRounds "9"]
[EventCountry "NCA"]
[SourceTitle "EXT 2018"]
[Source "ChessBase"]
[SourceDate "2017.10.13"]
[SourceVersion "1"]
[SourceVersionDate "2017.10.13"]
[SourceQuality "1"]

1. d4 Nf6 2. c4 e6 3. Nf3 d5 4. Bg5 a6 5. e3 Be7 6. Bd3 dxc4 7. Bxc4 b5 8. Bd3 Bb7 9. 0-0 0-0 10. Nbd2 c5 11. Rc1 cxd4 12. exd4 Nbd7 13. Qe2 Nb6 14. Rfd1 Rc8 15. Rxc8 Qxc8 16. Nb3 Nbd5 17. Ne5 h6 18. Bd2 Nb4 19. Bb1 Qd8 20. f3 Qd5 21. Bc3 Rd8 22. Na5 Ba8 23. a3 Nc6 24. Be4 Nxe4 25. fxe4 Nxd4 26. Bxd4 Bc5 27. exd5 1-0

[Event "Managua Dario Memorial-B 1st"]
[Site "Managua"]
[Date "2017.05.14"]
[Round "5"]
[White "Leon Sandoval, Johan"]
[Black "Alarcon, Pamela"]
[Result "1/2-1/2"]
[WhiteElo "1734"]
[BlackElo "1849"]
[PlyCount "66"]
[EventDate "2017.05.06"]
[EventType "tourn"]
[EventRounds "9"]
[EventCountry "NCA"]
[SourceTitle "EXT 2018"]
[Source "ChessBase"]
[SourceDate "2017.10.13"]
[SourceVersion "1"]
[SourceVersionDate "2017.10.13"]
[SourceQuality "1"]

1. c4 e5 2. Nc3 Nf6 3. g3 c6 4. Bg2 d6 5. d3 Na6 6. Nf3 Nc7 7. 0-0 g6 8. Bg5 Bg7 9. Ne4 Ne6 10. Nxf6+ Bxf6 11. Bxf6 Qxf6 12. Qc2 0-0 13. e3 Qg7 14. Qc3 f5 15. Rfd1 Bd7 16. b4 Rae8 17. a4 e4 18. Qxg7+ Kxg7 19. dxe4 fxe4 20. Nd2 Ng5 21. b5 Nh3+ 22. Bxh3 Bxh3 23. Rac1 Rf7 24. Rc2 d5 25. cxd5 cxd5 26. Nb3 Ref8 27. Nd4 Rc8 28. Rdc1 Rcf8 29. Rc7 Rxc7 30. Rxc7+ Rf7 31. Rxf7+ Kxf7 32. Ne2 Ke7 33. Nf4 Be6 1/2-1/2

[Event "Managua Dario Memorial-B 1st"]
[Site "Managua"]
[Date "2017.05.07"]
[Round "3"]
[White "Moraga, Maria"]
[Black "Alarcon, Pamela"]
[Result "1/2-1/2"]
[WhiteElo "1684"]
[BlackElo "1849"]
[PlyCount "68"]
[EventDate "2017.05.06"]
[EventType "tourn"]
[EventRounds "9"]
[EventCountry "NCA"]
[SourceTitle "EXT 2018"]
[Source "ChessBase"]
[SourceDate "2017.10.13"]
[SourceVersion "1"]
[SourceVersionDate "2017.10.13"]
[SourceQuality "1"]

1. e4 e5 2. Nf3 Nc6 3. Bb5 a6 4. Bxc6 dxc6 5. d4 exd4 6. Qxd4 Qxd4 7. Nxd4 Bd7 8. Nc3 Bb4 9. Bd2 0-0-0 10. a3 Bc5 11. Be3 Bb6 12. 0-0-0 Ne7 13. Rhe1 f6 14. Nb3 Bxe3+ 15. Rxe3 Ng6 16. Nc5 Ne5 17. Nxd7 Rxd7 18. Rxd7 Nxd7 19. f3 Re8 20. Rd3 b6 21. Rd4 c5 22. Rd2 c6 23. Rd1 b5 24. Ne2 Kc7 25. Rd2 Ne5 26. Rd1 g6 27. Nf4 Re7 28. Nd3 c4 29. Nxe5 Rxe5 30. Kd2 Re6 31. Kc3 c5 32. Rd5 Kc6 33. h3 Rd6 34. Rxd6+ Kxd6 1/2-1/2

[Event "Managua Dario Memorial-B 1st"]
[Site "Managua"]
[Date "2017.05.06"]
[Round "1"]
[White "Granados Diaz, Maria Esther"]
[Black "Alarcon, Pamela"]
[Result "1/2-1/2"]
[WhiteElo "1860"]
[BlackElo "1849"]
[PlyCount "61"]
[EventDate "2017.05.06"]
[EventType "tourn"]
[EventRounds "9"]
[EventCountry "NCA"]
[SourceTitle "EXT 2018"]
[Source "ChessBase"]
[SourceDate "2017.10.13"]
[SourceVersion "1"]
[SourceVersionDate "2017.10.13"]
[SourceQuality "1"]

1. e4 e5 2. Nf3 Nc6 3. Bb5 a6 4. Ba4 Nf6 5. 0-0 Be7 6. c3 0-0 7. Re1 b5 8. Bc2 d5 9. exd5 Nxd5 10. Nxe5 Nxe5 11. Rxe5 c6 12. d4 Bd6 13. Rh5 g6 14. Bg5 Be7 15. Bxe7 Qxe7 16. Re5 Qf6 17. Nd2 Be6 18. Qf3 Rfe8 19. a4 Bd7 20. Rae1 Re6 21. Qxf6 Nxf6 22. Nb3 Ng4 23. Rxe6 Bxe6 24. Nc5 Bd5 25. Nd7 Be6 26. Nc5 Bc4 27. Nd7 Be6 28. Nb6 Rb8 29. a5 Rd8 30. Be4 Rd6 31. f4 1/2-1/2

[Event "NCA-ch (Women)"]
[Site "Managua"]
[Date "2017.03.26"]
[Round "2"]
[White "Alarcon, Pamela"]
[Black "Medrano, Maria Luisa"]
[Result "1-0"]
[WhiteElo "1829"]
[BlackElo "1679"]
[PlyCount "101"]
[EventDate "2017.03.25"]
[EventType "tourn"]
[EventRounds "7"]
[EventCountry "NCA"]
[SourceTitle "EXT 2018"]
[Source "ChessBase"]
[SourceDate "2017.10.13"]
[SourceVersion "1"]
[SourceVersionDate "2017.10.13"]
[SourceQuality "1"]

1. d4 Nf6 2. c4 d6 3. Nc3 Nbd7 4. e4 e5 5. d5 Be7 6. Nge2 0-0 7. g3 c6 8. Bg2 cxd5 9. cxd5 a6 10. a4 a5 11. 0-0 Nc5 12. h3 Ne8 13. g4 Qb6 14. Be3 Qd8 15. Nb5 Bf6 16. Rc1 Be7 17. Nxd6 Bxd6 18. Bxc5 Qe7 19. Bxd6 Nxd6 20. Nc3 Bd7 21. Qe2 Qe8 22. Qd1 Ra6 23. Re1 Qd8 24. Bf1 Rb6 25. b3 Rb4 26. Re3 Qb6 27. Bd3 Rxb3 28. Nb5 Rb4 29. Nxd6 Qxd6 30. Bc2 Rc8 31. Rb1 Rcc4 32. Kg2 g6 33. Qd3 Rxb1 34. Qxc4 Rb4 35. Qa2 Qb6 36. Bb3 Qd4 37. d6 Qxd6 38. Bxf7+ Kg7 39. Bb3 Bc6 40. Qc2 Qd4 41. Kf3 Kh6 42. h4 Kg7 43. g5 Qd6 44. Kg3 Rd4 45. Rf3 Be8 46. Qc8 Qc6 47. Rc3 Qd7 48. Rc7 Rd3+ 49. f3 Qxc7 50. Qxc7+ Kf8 51. Qc5+ 1-0

[Event "NCA-ch (Women)"]
[Site "Managua"]
[Date "2017.03.26"]
[Round "1"]
[White "Mendieta, Kathya"]
[Black "Alarcon, Pamela"]
[Result "1-0"]
[WhiteElo "1933"]
[BlackElo "1829"]
[PlyCount "95"]
[EventDate "2017.03.25"]
[EventType "tourn"]
[EventRounds "7"]
[EventCountry "NCA"]
[SourceTitle "EXT 2018"]
[Source "ChessBase"]
[SourceDate "2017.10.13"]
[SourceVersion "1"]
[SourceVersionDate "2017.10.13"]
[SourceQuality "1"]

1. e4 e5 2. Nf3 Nc6 3. Bb5 a6 4. Ba4 Nf6 5. 0-0 b5 6. Bb3 d6 7. c3 Be7 8. Re1 0-0 9. d4 Bg4 10. d5 Nb8 11. Nbd2 c6 12. h3 Bc8 13. Nf1 cxd5 14. exd5 Nbd7 15. Be3 Bb7 16. Ng3 Rc8 17. a4 Nc5 18. Bxc5 Rxc5 19. axb5 axb5 20. Ne4 Nxe4 21. Rxe4 f5 22. Re1 Kh8 23. Ra7 Qb6 24. Qa1 Bd8 25. Qa3 b4 26. cxb4 Rb5 27. Bc4 Rxb4 28. Nxe5 Rxb2 29. Nd3 Rb1 30. Rxb1 Qxb1+ 31. Kh2 Rf7 32. Qa4 Re7 33. Ba6 h6 34. Rxb7 Rxb7 35. Bxb7 Qxb7 36. Qe8+ Kh7 37. Qxd8 Qxd5 38. Nf4 Qe5 39. g3 Qd4 40. Kg2 Qe4+ 41. Kh2 Qd4 42. Ng2 d5 43. Qd7 Qe4 44. Ne3 f4 45. Qf5+ Qxf5 46. Nxf5 g5 47. Kg2 Kg8 48. Ne7+ 1-0

[Event "NCA-ch sf (Women)"]
[Site "Managua"]
[Date "2017.03.12"]
[Round "6"]
[White "Granados Diaz, Maria Esther"]
[Black "Alarcon, Pamela"]
[Result "1-0"]
[WhiteElo "1837"]
[BlackElo "1829"]
[PlyCount "63"]
[EventDate "2017.03.04"]
[EventType "tourn"]
[EventRounds "9"]
[EventCountry "NCA"]
[SourceTitle "EXT 2018"]
[Source "ChessBase"]
[SourceDate "2017.10.13"]
[SourceVersion "1"]
[SourceVersionDate "2017.10.13"]
[SourceQuality "1"]

1. e4 e5 2. f4 d5 3. exd5 exf4 4. Bb5+ Bd7 5. Qe2+ Qe7 6. Nc3 Nf6 7. Kf1 c6 8. dxc6 Nxc6 9. d3 Nd4 10. Bxd7+ Kxd7 11. Qf2 Ne6 12. Nge2 g5 13. h4 Ng4 14. Qf3 Ne3+ 15. Bxe3 fxe3 16. Qxb7+ Nc7 17. Nd5 Qd8 18. Nxc7 Rb8 19. Qxa7 Qxc7 20. Qd4+ Bd6 21. c4 Rhe8 22. hxg5 Re5 23. Rxh7 Rf5+ 24. Kg1 Rg8 25. Rf1 Rxf1+ 26. Kxf1 Qc5 27. Rxf7+ Ke8 28. Qxc5 Bxc5 29. Rf3 Rh8 30. Rh3 Rf8+ 31. Rf3 Rh8 32. Kg1 1-0

[Event "Olympiad Women-41"]
[Site "Tromsoe"]
[Date "2014.08.11"]
[Round "9.4"]
[White "Hapala, Elisabeth"]
[Black "Alarcon, Pamela"]
[Result "1-0"]
[WhiteElo "2083"]
[BlackElo "1906"]
[PlyCount "57"]
[EventDate "2014.08.02"]
[EventType "team-swiss"]
[EventRounds "11"]
[EventCountry "NOR"]
[SourceTitle "CBM 162"]
[Source "ChessBase"]
[SourceDate "2014.09.17"]
[SourceVersion "1"]
[SourceVersionDate "2014.09.17"]
[SourceQuality "1"]
[WhiteTeam "Austria (W)"]
[BlackTeam "Nicaragua (W)"]
[WhiteTeamCountry "AUT"]
[BlackTeamCountry "NCA"]

1. e4 e5 2. Nf3 d6 3. d4 Nd7 4. Bc4 Be7 5. dxe5 dxe5 6. Qd5 Bb4+ 7. c3 Qe7 8. cxb4 Nb6 9. Qxf7+ Qxf7 10. Bxf7+ Kxf7 11. Nxe5+ Kf6 12. f4 Be6 13. b3 Rd8 14. Bb2 Ke7 15. Nd2 Nf6 16. 0-0-0 Rhf8 17. f5 Bg8 18. g4 Nbd7 19. Nxd7 Rxd7 20. h3 Rfd8 21. e5 Ne8 22. b5 Rd5 23. Ba3+ Kd7 24. e6+ Kc8 25. Be7 Rxb5 26. Bxd8 Kxd8 27. Nc4+ Kc8 28. Rd3 Rc5 29. Kb2 1-0

[Event "Managua Sub zt 2.3.2 (Women)"]
[Site "Managua"]
[Date "2014.05.01"]
[Round "7"]
[White "Mendieta, Kathya"]
[Black "Alarcon, Pamela"]
[Result "1-0"]
[WhiteElo "1862"]
[BlackElo "1902"]
[PlyCount "123"]
[EventDate "2014.04.27"]
[EventType "swiss"]
[EventRounds "9"]
[EventCountry "NCA"]
[SourceTitle "EXT 2016"]
[Source "ChessBase"]
[SourceDate "2015.10.08"]
[SourceVersion "1"]
[SourceVersionDate "2015.10.08"]
[SourceQuality "1"]

1. e4 e5 2. Nf3 Qe7 3. Bc4 d6 4. c3 g6 5. d3 Bg7 6. Qb3 h6 7. Nbd2 Nd7 8. d4 Ngf6 9. Qc2 Nh5 10. Nf1 Nf8 11. Be3 Ne6 12. 0-0-0 Nef4 13. Bxf4 Nxf4 14. Ne3 c6 15. dxe5 dxe5 16. Bb3 b5 17. Qd2 Ne6 18. Qd6 Bd7 19. Rd2 Qxd6 20. Rxd6 Bf8 21. Rd2 f6 22. Rhd1 Nc5 23. Bc2 Be6 24. b4 Nb7 25. Bb3 Bxb3 26. axb3 Rd8 27. Ra2 Ra8 28. Ra6 Nd8 29. Kb2 Rh7 30. Rda1 Rd7 31. Kc2 Kf7 32. Ne1 Rc7 33. Nd3 Ne6 34. R1a2 h5 35. c4 Nf4 36. Nc5 Bxc5 37. bxc5 b4 38. R2a4 Ne6 39. R6a5 Rb7 40. Kb2 Nd4 41. Nc2 Nxc2 42. Kxc2 Ke6 43. Ra6 Kd7 44. Kd3 f5 45. g3 Rc7 46. Rxb4 Rd8 47. Ke3 Ke6 48. Rba4 fxe4 49. Kxe4 Rd4+ 50. Ke3 Rdd7 51. Ke4 g5 52. h3 g4 53. hxg4 hxg4 54. Ra2 Rf7 55. Rd2 Rf3 56. Rd6+ Kf7 57. Raxc6 Rb7 58. Rd2 Rfxb3 59. Kxe5 Rf3 60. Ra6 Re7+ 61. Kd4 Rb3 62. Rda2 1-0

[Event "Managua Sub zt 2.3.2 (Women)"]
[Site "Managua"]
[Date "2014.04.28"]
[Round "2"]
[White "Alarcon, Pamela"]
[Black "Gamboa Alvarado, Olga Leticia"]
[Result "0-1"]
[WhiteElo "1902"]
[BlackElo "1899"]
[PlyCount "102"]
[EventDate "2014.04.27"]
[EventType "swiss"]
[EventRounds "9"]
[EventCountry "NCA"]
[SourceTitle "EXT 2016"]
[Source "ChessBase"]
[SourceDate "2015.10.08"]
[SourceVersion "1"]
[SourceVersionDate "2015.10.08"]
[SourceQuality "1"]

1. d4 Nf6 2. c4 e6 3. a3 d5 4. Nc3 c5 5. e3 Nc6 6. Nf3 Be7 7. Be2 0-0 8. 0-0 b6 9. b3 cxd4 10. exd4 dxc4 11. bxc4 Ba6 12. Bb2 Na5 13. Nb5 Bb7 14. Ne5 a6 15. Nc3 Rc8 16. Rc1 Qd6 17. Nb1 Rfd8 18. Bf3 Nc6 19. Nxc6 Bxc6 20. Nd2 Qf4 21. Qe2 Bc5 22. Qe3 Bd6 23. g3 Qf5 24. Bxc6 Rxc6 25. Qf3 Qxf3 26. Nxf3 Rdc8 27. Nd2 Kf8 28. f3 Ke7 29. Kf2 Rd8 30. Ke3 Rc7 31. Ne4 Rdc8 32. Kd3 Nd7 33. Nxd6 Kxd6 34. a4 e5 35. Ba3+ Ke6 36. Rfe1 f5 37. Bb2 Rd8 38. Rc3 Nc5+ 39. Kc2 Rxd4 40. Rxe5+ Kxe5 41. Re3+ Ne4 42. Bxd4+ Kxd4 43. Rd3+ Kxc4 44. fxe4 Kb4+ 45. Kb2 fxe4 46. Rd6 Re7 47. Kc2 b5 48. Rd4+ Kc5 49. Rd1 e3 50. axb5 axb5 51. Re1 Kc4 0-1

[Event "Managua Sub zt 2.3.2 (Women)"]
[Site "Managua"]
[Date "2014.04.28"]
[Round "3"]
[White "Garcia Mendez, Alcira Guadalupe"]
[Black "Alarcon, Pamela"]
[Result "0-1"]
[WhiteElo "1715"]
[BlackElo "1902"]
[PlyCount "80"]
[EventDate "2014.04.27"]
[EventType "swiss"]
[EventRounds "9"]
[EventCountry "NCA"]
[SourceTitle "EXT 2016"]
[Source "ChessBase"]
[SourceDate "2015.10.08"]
[SourceVersion "1"]
[SourceVersionDate "2015.10.08"]
[SourceQuality "1"]

1. e4 e5 2. Nf3 Qe7 3. Nc3 c6 4. d4 d6 5. dxe5 dxe5 6. a4 g6 7. Bc4 f6 8. Be3 Nh6 9. h3 Nf7 10. Qd2 Be6 11. Bc5 Qd7 12. Bxf8 Rxf8 13. Qxd7+ Bxd7 14. 0-0-0 Ke7 15. Rd3 Nd6 16. Bb3 Be6 17. Bxe6 Kxe6 18. Rhd1 Rd8 19. b4 Na6 20. b5 Nc5 21. R3d2 Ke7 22. Re2 a6 23. bxc6 bxc6 24. Nd2 Rab8 25. g3 Rb4 26. f4 Nxa4 27. Nxa4 Rxa4 28. Kb2 Rb8+ 29. Kc3 Nb5+ 30. Kb3 Ra3+ 31. Kb2 Rxg3 32. Nb3 Nc3 33. Rde1 Nxe2 34. Rxe2 exf4 35. e5 f3 36. exf6+ Kxf6 37. Rd2 Ke5 38. Rf2 Rxh3 39. Kc3 Rd8 40. Nd2 Kf4 0-1

[Event "Managua Guido Memorial 10th"]
[Site "Managua"]
[Date "2013.02.14"]
[Round "6"]
[White "Guido, Rene"]
[Black "Alarcon, Pamela"]
[Result "1/2-1/2"]
[WhiteElo "1825"]
[BlackElo "1903"]
[PlyCount "59"]
[EventDate "2013.02.01"]
[EventType "tourn"]
[EventRounds "11"]
[EventCountry "NCA"]
[SourceTitle "EXT 2014"]
[Source "ChessBase"]
[SourceDate "2013.11.20"]
[SourceVersion "1"]
[SourceVersionDate "2013.11.20"]
[SourceQuality "1"]

1. c4 e6 2. Nc3 Nf6 3. Nf3 b6 4. g3 Bb7 5. Bg2 Be7 6. 0-0 0-0 7. d4 d5 8. Ne5 Nbd7 9. Qc2 c5 10. e3 Qc7 11. Nb5 Qb8 12. Nxd7 Nxd7 13. Bd2 a6 14. Na3 Rc8 15. cxd5 exd5 16. Qf5 Nf6 17. Nc2 Ne4 18. Be1 Rd8 19. Rd1 a5 20. f3 g6 21. Qh3 Ng5 22. Qh6 Bc8 23. h4 Ne6 24. e4 Ba6 25. Rf2 cxd4 26. Nxd4 Bf8 27. Qc1 Nxd4 28. Rxd4 Bc5 29. Rxd5 Bxf2+ 30. Bxf2 1/2-1/2

[Event "Pan American-ch (Women)"]
[Site "San Salvador"]
[Date "2008.05.11"]
[Round "8"]
[White "Alarcon, Pamela"]
[Black "Orozco Lopez, Luz Elena"]
[Result "1/2-1/2"]
[WhiteElo "1718"]
[BlackElo "1946"]
[PlyCount "86"]
[EventDate "2008.05.06"]
[EventType "swiss"]
[EventRounds "9"]
[EventCountry "ESA"]
[SourceTitle "CBM 124 Extra"]
[Source "ChessBase"]
[SourceDate "2008.07.03"]
[SourceVersion "1"]
[SourceVersionDate "2008.07.03"]
[SourceQuality "1"]

1. d4 Nf6 2. c4 e6 3. Bg5 Bb4+ 4. Nd2 h6 5. Bxf6 Qxf6 6. Ngf3 c5 7. e3 cxd4 8. Nxd4 0-0 9. a3 Bxd2+ 10. Qxd2 a6 11. Bd3 Nc6 12. Nxc6 dxc6 13. 0-0 Rd8 14. Rad1 Bd7 15. Qc2 c5 16. Be4 Bc6 17. Bxc6 bxc6 18. b4 cxb4 19. axb4 Rdb8 20. Qa4 Qc3 21. Qxc6 Qxb4 22. Rd7 Rc8 23. Rc7 Rxc7 24. Qxa8+ Kh7 25. Qxa6 Rxc4 26. h3 Qc3 27. Qa1 Qd2 28. Qd1 Rc2 29. Qxd2 Rxd2 30. g4 g5 31. Kg2 Kg6 32. Kg3 h5 33. Rc1 h4+ 34. Kf3 f5 35. gxf5+ exf5 36. Rc6+ Kh5 37. Rc4 g4+ 38. hxg4+ fxg4+ 39. Rxg4 Rxf2+ 40. Kxf2 Kxg4 41. Kg2 h3+ 42. Kh2 Kf3 43. Kxh3 Kxe3 1/2-1/2

[Event "Pan American-ch (Women)"]
[Site "San Salvador"]
[Date "2008.05.06"]
[Round "1"]
[White "Yuan, Yuanling"]
[Black "Alarcon, Pamela"]
[Result "1-0"]
[WhiteElo "2119"]
[BlackElo "1718"]
[PlyCount "43"]
[EventDate "2008.05.06"]
[EventType "swiss"]
[EventRounds "9"]
[EventCountry "ESA"]
[SourceTitle "CBM 124 Extra"]
[Source "ChessBase"]
[SourceDate "2008.07.03"]
[SourceVersion "1"]
[SourceVersionDate "2008.07.03"]
[SourceQuality "1"]

1. e4 e5 2. Nf3 Nc6 3. Bb5 a6 4. Ba4 Nf6 5. 0-0 b5 6. Bb3 Be7 7. Re1 d6 8. c3 Bg4 9. h3 Bh5 10. d3 Qd7 11. a4 0-0 12. Be3 Rfe8 13. Nbd2 d5 14. exd5 Nxd5 15. Nxe5 Bxd1 16. Nxd7 Nxe3 17. Rxe3 Bxb3 18. Nxb3 Red8 19. Ndc5 Rd5 20. axb5 Bxc5 21. Nxc5 Rxc5 22. Rxa6 1-0